000 01039nam0a22003011 4500
001 rc\4687695
005 20250612004252.0
021 _aRU
_b68-55347
021 _aRU
_bРг5757-68
035 _a(NLR Aleph) 008427678
090 _a9397187
_c9397187
100 _a20130416d1967 |||y0rusy50 ca
101 0 _arus
102 _aRU
105 _aa z |||||
200 1 _aДемодуляция 4М сигналов с помощью системы слежения с фазовой обратной связью
210 _aБ. м.
_cБ. и.
_d1967
215 _a35 с.
_cил.
_d21
225 1 _aПеревод
_v№ 3503 (67)
300 _aОтпеч. множит. аппаратом
300 _aИз IEEE Space Electronics and Telemetry Group., 1964
422 0 _12001#$aIEEE Space Electronics and Telemetry Group
_1210##$d1964
_tIEEE Space Electronics and Telemetry Group
700 1 _aПоуэлл
_bН.Р.
801 0 _aRU
_bNLR
_gpsbo
801 1 _aRU
_bELAR
_2rusmarc
852 _aNLR
_j68-6/8749
942 _cBOOK
980 _aNB